<?xml version="1.0" encoding="UTF-8"?>
<record
    xmlns:xsi="http://www.w3.org/2001/XMLSchema-instance"
    xsi:schemaLocation="http://www.loc.gov/MARC21/slim http://www.loc.gov/standards/marcxml/schema/MARC21slim.xsd"
    xmlns="http://www.loc.gov/MARC21/slim">

  <leader>00445nam a22001457a 4500</leader>
  <controlfield tag="003">OSt</controlfield>
  <controlfield tag="005">20150905113458.0</controlfield>
  <controlfield tag="008">150905b        xxu||||| |||| 00| 0 eng d</controlfield>
  <datafield tag="040" ind1=" " ind2=" ">
    <subfield code="c">RUA</subfield>
  </datafield>
  <datafield tag="082" ind1=" " ind2=" ">
    <subfield code="a">AGR &#x17A2;&#x17CA;&#x17BB;&#x1780; 192 BOO3 Or.1 </subfield>
  </datafield>
  <datafield tag="100" ind1=" " ind2=" ">
    <subfield code="9">18</subfield>
    <subfield code="a">&#x17A2;&#x17CA;&#x17BB;&#x1780; &#x1794;&#x17BC;&#x179A;&#x17C9;&#x17B6;</subfield>
  </datafield>
  <datafield tag="245" ind1=" " ind2=" ">
    <subfield code="a">&#x1794;&#x17C2;&#x1794;&#x1795;&#x17C2;&#x1793; &#x1793;&#x17C3;&#x1780;&#x17B6;&#x179A;&#x1792;&#x17D2;&#x179C;&#x17BE;&#x17A2;&#x17B6;&#x1787;&#x17B8;&#x179C;&#x1780;&#x1798;&#x17D2;&#x1798;&#x178A;&#x17C6;&#x178E;&#x17B6;&#x17C6; &#x1780;&#x17C5;&#x179F;&#x17CA;&#x17BC;</subfield>
  </datafield>
  <datafield tag="300" ind1=" " ind2=" ">
    <subfield code="a">100p.</subfield>
    <subfield code="b">ill.</subfield>
    <subfield code="c">29cm.</subfield>
  </datafield>
  <datafield tag="942" ind1=" " ind2=" ">
    <subfield code="2">ddc</subfield>
    <subfield code="c">AGR</subfield>
  </datafield>
  <datafield tag="999" ind1=" " ind2=" ">
    <subfield code="c">18</subfield>
    <subfield code="d">18</subfield>
  </datafield>
  <datafield tag="952" ind1=" " ind2=" ">
    <subfield code="0">0</subfield>
    <subfield code="1">0</subfield>
    <subfield code="2">ddc</subfield>
    <subfield code="4">0</subfield>
    <subfield code="6">AGR_&#x17A2;&#x17BB;&#x1780;_1992_000000000000000_BOO3_OR_1</subfield>
    <subfield code="7">0</subfield>
    <subfield code="9">59</subfield>
    <subfield code="a">LBB</subfield>
    <subfield code="b">LBB</subfield>
    <subfield code="c">B003</subfield>
    <subfield code="d">2015-09-05</subfield>
    <subfield code="o">AGR &#x17A2;&#x17CA;&#x17BB;&#x1780; 1992 BOO3 Or.1</subfield>
    <subfield code="p">RUA004535</subfield>
    <subfield code="r">2015-09-05</subfield>
    <subfield code="w">2015-09-05</subfield>
    <subfield code="y">AGR</subfield>
  </datafield>
  <datafield tag="952" ind1=" " ind2=" ">
    <subfield code="0">0</subfield>
    <subfield code="1">0</subfield>
    <subfield code="2">ddc</subfield>
    <subfield code="4">0</subfield>
    <subfield code="6">AGR_&#x17A2;&#x17BB;&#x1780;_1992_000000000000000_BOO3_OR_2</subfield>
    <subfield code="7">0</subfield>
    <subfield code="9">60</subfield>
    <subfield code="a">LBB</subfield>
    <subfield code="b">LBB</subfield>
    <subfield code="c">B003</subfield>
    <subfield code="d">2015-09-05</subfield>
    <subfield code="o">AGR &#x17A2;&#x17CA;&#x17BB;&#x1780; 1992 BOO3 Or.2</subfield>
    <subfield code="p">RUA004534</subfield>
    <subfield code="r">2015-09-05</subfield>
    <subfield code="w">2015-09-05</subfield>
    <subfield code="y">AGR</subfield>
  </datafield>
  <datafield tag="952" ind1=" " ind2=" ">
    <subfield code="0">0</subfield>
    <subfield code="1">0</subfield>
    <subfield code="2">ddc</subfield>
    <subfield code="4">0</subfield>
    <subfield code="6">AGR_&#x17A2;&#x17BB;&#x1780;_1992_000000000000000_BOO3_OR_3</subfield>
    <subfield code="7">0</subfield>
    <subfield code="9">61</subfield>
    <subfield code="a">LBB</subfield>
    <subfield code="b">LBB</subfield>
    <subfield code="c">B003</subfield>
    <subfield code="d">2015-09-05</subfield>
    <subfield code="o">AGR &#x17A2;&#x17CA;&#x17BB;&#x1780; 1992 BOO3 Or.3</subfield>
    <subfield code="p">RUA004898</subfield>
    <subfield code="r">2015-09-05</subfield>
    <subfield code="w">2015-09-05</subfield>
    <subfield code="y">AGR</subfield>
  </datafield>
  <datafield tag="952" ind1=" " ind2=" ">
    <subfield code="0">0</subfield>
    <subfield code="1">0</subfield>
    <subfield code="2">ddc</subfield>
    <subfield code="4">0</subfield>
    <subfield code="6">AGR_&#x17A2;&#x17BB;&#x1780;_1992_000000000000000_BOO3_OR_4</subfield>
    <subfield code="7">0</subfield>
    <subfield code="9">62</subfield>
    <subfield code="a">LBB</subfield>
    <subfield code="b">LBB</subfield>
    <subfield code="c">B003</subfield>
    <subfield code="d">2015-09-05</subfield>
    <subfield code="o">AGR &#x17A2;&#x17CA;&#x17BB;&#x1780; 1992 BOO3 Or.4</subfield>
    <subfield code="p">RUA004606</subfield>
    <subfield code="r">2015-09-05</subfield>
    <subfield code="w">2015-09-05</subfield>
    <subfield code="y">AGR</subfield>
  </datafield>
  <datafield tag="952" ind1=" " ind2=" ">
    <subfield code="0">0</subfield>
    <subfield code="1">0</subfield>
    <subfield code="2">ddc</subfield>
    <subfield code="4">0</subfield>
    <subfield code="6">AGR_&#x17A2;&#x17BB;&#x1780;_1992_000000000000000_BOO3_OR_5</subfield>
    <subfield code="7">0</subfield>
    <subfield code="9">63</subfield>
    <subfield code="a">LBB</subfield>
    <subfield code="b">LBB</subfield>
    <subfield code="c">B003</subfield>
    <subfield code="d">2015-09-05</subfield>
    <subfield code="o">AGR &#x17A2;&#x17CA;&#x17BB;&#x1780; 1992 BOO3 Or.5</subfield>
    <subfield code="p">RUA004533</subfield>
    <subfield code="r">2015-09-05</subfield>
    <subfield code="w">2015-09-05</subfield>
    <subfield code="y">AGR</subfield>
  </datafield>
  <datafield tag="952" ind1=" " ind2=" ">
    <subfield code="0">0</subfield>
    <subfield code="1">0</subfield>
    <subfield code="2">ddc</subfield>
    <subfield code="4">0</subfield>
    <subfield code="6">AGR_&#x17A2;&#x17BB;&#x1780;_1992_000000000000000_BOO3_OR_6</subfield>
    <subfield code="7">0</subfield>
    <subfield code="9">64</subfield>
    <subfield code="a">LBB</subfield>
    <subfield code="b">LBB</subfield>
    <subfield code="c">B003</subfield>
    <subfield code="d">2015-09-05</subfield>
    <subfield code="o">AGR &#x17A2;&#x17CA;&#x17BB;&#x1780; 1992 BOO3 Or.6</subfield>
    <subfield code="p">RUA004671</subfield>
    <subfield code="r">2015-09-05</subfield>
    <subfield code="w">2015-09-05</subfield>
    <subfield code="y">AGR</subfield>
  </datafield>
  <datafield tag="952" ind1=" " ind2=" ">
    <subfield code="0">0</subfield>
    <subfield code="1">0</subfield>
    <subfield code="2">ddc</subfield>
    <subfield code="4">0</subfield>
    <subfield code="6">AGR_&#x17A2;&#x17BB;&#x1780;_1992_000000000000000_BOO3_OR_7</subfield>
    <subfield code="7">0</subfield>
    <subfield code="9">65</subfield>
    <subfield code="a">LBB</subfield>
    <subfield code="b">LBB</subfield>
    <subfield code="c">B003</subfield>
    <subfield code="d">2015-09-05</subfield>
    <subfield code="l">2</subfield>
    <subfield code="o">AGR &#x17A2;&#x17CA;&#x17BB;&#x1780; 1992 BOO3 Or.7</subfield>
    <subfield code="p">RUA004670</subfield>
    <subfield code="r">2019-07-23</subfield>
    <subfield code="s">2019-07-22</subfield>
    <subfield code="w">2015-09-05</subfield>
    <subfield code="y">AGR</subfield>
  </datafield>
</record>
